header

Imagology revisited (Record no. 235072)

MARC details
000 -LEADER
fixed length control field 01370nam a2200349Ia 4500
100 1# - MAIN ENTRY--AUTHOR NAME
Personal name Zacharasiewicz, Waldemar.
245 10 - TITLE STATEMENT
Title Imagology revisited
260 ## - PUBLICATION, DISTRIBUTION, ETC. (IMPRINT)
Place of publication Amsterdam ;
-- New York :
Name of publisher Rodopi,
Year of publication 2010.
300 ## - PHYSICAL DESCRIPTION
Number of Pages 571 p. :
Other physical details ill.
490 1# - SERIES STATEMENT
Series statement Studia Imagologica ;
500 ## - GENERAL NOTE
General note Description based upon print version of record.
650 #0 - SUBJECT ADDED ENTRY--TOPICAL TERM
Topical Term Image (Philosophy)
Topical Term National characteristics in literature.
Topical Term Stereotypes (Social psychology)
Topical Term Social sciences.
856 40 - ELECTRONIC LOCATION AND ACCESS
Uniform Resource Identifier http://site.ebrary.com/lib/rucke/Doc?id=10436005

No items available.

© 2026 Rongo University
Contact us: librarian | system librarian | Rongo university